El desarrollo local basado en la relación con los recursos naturales alternativa de desarrollo rural en el Distrito de Riego Arenal Tempisque: E caso de la comunidad de bagatzi, Bagaces, Guanacaste
Guardat en:
| Autor principal: | |
|---|---|
| Format: | Llibre |
| Idioma: | Spanish |
| Col·lecció: | Jornadas de Investigación. Instituto de Investigaciones Sociales/UCR
|
| Matèries: | |
| Etiquetes: |
Afegir etiqueta
Sense etiquetes, Sigues el primer a etiquetar aquest registre!
|
MARC
| LEADER | 00000nam a22000007a 4500 | ||
|---|---|---|---|
| 003 | cru CIDCACS/IIS | ||
| 005 | 20190628155854.0 | ||
| 008 | 190628b ||||| |||| 00| 0 spa d | ||
| 999 | |c 42267 |d 42267 | ||
| 040 | |c cru CIDCACS/IIS | ||
| 090 | |a REV1668 Vol.3(8) 2004 | ||
| 100 | 1 | |9 8433 |a Ortiz Villalobos, Ligia | |
| 245 | |a El desarrollo local basado en la relación con los recursos naturales alternativa de desarrollo rural en el Distrito de Riego Arenal Tempisque: |b E caso de la comunidad de bagatzi, Bagaces, Guanacaste |c Ligia Ortiz Villalobos | ||
| 300 | |a 13 páginas | ||
| 440 | |9 8434 |a Jornadas de Investigación. Instituto de Investigaciones Sociales/UCR | ||
| 650 | 0 | |9 627 |a DESARROLLO LOCAL | |
| 650 | 0 | |9 1123 |a DESARROLLO RURAL | |
| 650 | 4 | |9 2011 |a RECURSOS NATURALES | |
| 651 | 0 | |9 3822 |a GUANACASTE | |
| 942 | |2 ddc |c PP | ||
| 773 | 0 | |0 41865 |9 2967 |a Universidad de Costa Rica. |d San Pedro de Monstes de Oca, Costa Rica: IIS |o 03344 |t Jornadas de Investigación / | |
